Top 100 Cities with the Most Skyscrapers - Statistics

General Stats
  • This quiz has been taken 41 times
  • The average score is 66 of 100
Answer Stats
Skyscrapers Country City % Correct
324 United States New York City
100%
70 China Beijing
94%
57 Türkiye Istanbul
94%
79 Australia Melbourne
94%
86 South Korea Seoul
94%
53 Australia Sydney
94%
208 Japan Tokyo
94%
133 Thailand Bangkok
91%
137 United States Chicago
91%
269 United Arab Emirates Dubai
91%
569 China Hong Kong
91%
124 Indonesia Jakarta
91%
43 United Kingdom London
91%
60 Russia Moscow
91%
24 Brazil São Paulo
91%
205 China Shanghai
91%
101 Singapore Singapore
91%
28 Taiwan/China Taipei
91%
122 Canada Toronto
91%
13 Poland Warsaw
91%
45 United Arab Emirates Abu Dhabi
89%
26 United States Boston
89%
13 Vietnam Hanoi
89%
131 Philippines Manila
89%
32 Mexico Mexico City
89%
88 United States Miami
89%
18 Canada Montréal
89%
113 India Mumbai
89%
53 Japan Osaka
89%
68 Panama Panama City
89%
23 France Paris
89%
42 Israel Tel Aviv
89%
26 Canada Vancouver
89%
20 Germany Frankfurt am Main
86%
40 United States Houston
86%
31 United States Los Angeles
86%
209 China Wuhan
86%
23 United States Dallas-Fort Worth
83%
57 Qatar Doha
83%
25 Vietnam Ho Chi Minh City
83%
243 Malaysia Kuala Lumpur
83%
17 North Korea Pyongyang
83%
26 United States San Francisco
83%
25 United States Seattle
83%
32 China Xi’An
83%
19 Australia Brisbane
80%
77 South Korea Busan
80%
210 China Guangzhou
80%
18 Kuwait Kuwait City
80%
30 Saudi Arabia Riyadh
80%
469 China Shenzhen
80%
19 United States Atlanta
74%
136 China Chengdu
74%
155 China Chongqing
71%
15 Sri Lanka Colombo
71%
17 United States Philadelphia
71%
33 China Macau
69%
13 Japan Nagoya
69%
41 China Xiamen
69%
19 Canada Calgary
66%
100 China Hangzhou
66%
21 Bahrain Manama
66%
79 China Tianjin
66%
15 Mexico Monterrey
63%
40 China Qingdao
60%
59 China Dalian
57%
50 South Korea Incheon
57%
82 China Nanjing
57%
101 China Shenyang
57%
35 China Kunming
54%
92 China Changsha
51%
17 United States Austin
49%
49 China Hefei
46%
16 United States Las Vegas
43%
32 China Ningbo
43%
54 China Suzhou
40%
23 China Zhengzhou
40%
19 China Fuzhou
37%
46 China Jinan
37%
94 China Nanning
37%
26 China Dongguan
34%
38 Malaysia George Town
34%
35 Malaysia Johor Bahru
34%
26 United Arab Emirates Sharjah
34%
30 China Wuxi
34%
13 Thailand Pattaya
29%
16 Taiwan/China Taichung
29%
19 China Lanzhou
26%
21 China Taiyuan
26%
16 China Changchun
23%
16 China Shijiazhuang
23%
43 China Foshan
20%
17 China Haikou
20%
21 United States Jersey City
20%
39 China Guiyang
17%
41 China Nanchang
14%
62 China Zhuhai
11%
14 South Korea Goyang
9%
25 China Liuzhou
9%
32 Brazil Balneário Camboriú
6%
No matching quizzes found
Score Distribution
Percent of People with Each Score
Percentile by Number Answered
Your Score History
You have not taken this quiz